Một số văn kiện của đại hội Đảng toàn quốc lần thứ VII

Gồm các báo cáo chính trị, cương lĩnh, chiến lược và phương hướng nhiệm vụ của ban chấp hành Trung ương Đảng trình tại các đại hội và hội nghị toàn quốc của Đảng từ năm 1986 đến nay

Guardat en:
Dades bibliogràfiques
Autor corporatiu: Bộ Giáo dục và Đào tạo., Vụ công tác chính trị và học sinh
Format: Llibre
Idioma:Undetermined
Publicat: Hà Nội Chính trị Quốc gia 1991
Matèries:
Etiquetes: Afegir etiqueta
Sense etiquetes, Sigues el primer a etiquetar aquest registre!
Thư viện lưu trữ: Trung tâm Học liệu Trường Đại học Cần Thơ
LEADER 01106nam a2200229Ia 4500
001 CTU_223962
008 210402s9999 xx 000 0 und d
082 |a 324.2597071 
082 |b V500 
110 |a Bộ Giáo dục và Đào tạo. 
110 |b Vụ công tác chính trị và học sinh 
245 0 |a Một số văn kiện của đại hội Đảng toàn quốc lần thứ VII 
245 0 |c Bộ Giáo dục và Đào tạo. Vụ công tác chính trị và học sinh 
260 |a Hà Nội 
260 |b Chính trị Quốc gia 
260 |c 1991 
520 |a Gồm các báo cáo chính trị, cương lĩnh, chiến lược và phương hướng nhiệm vụ của ban chấp hành Trung ương Đảng trình tại các đại hội và hội nghị toàn quốc của Đảng từ năm 1986 đến nay 
650 |a Đảng Cộng Sản,Communist parties 
650 |z Việt Nam,Vietnam 
904 |i Nguyên 
910 |b dqhieu 
980 |a Trung tâm Học liệu Trường Đại học Cần Thơ